000 00612nam a2200217Ia 4500
005 20241129120303.0
008 241129s9999||||xx |||||||||||||| ||und||
020 _a9789381484647
037 _aTB
040 _aSDCL
_beng
_cSDCL
041 _asan
_2san
084 _aO15,2D70,1 R2-R2;1
_qSDCL
100 _aTripathi Ramakanta
245 0 _aUttaraamacarita of mahakavi Bhavabhuti
260 _aVaranasi
_bChaukhamba Surbharati Prakashan India
_c2022
300 _a462p.
365 _aINR
_b290
650 _aSanskrit
942 _cTB
_hO15,2D70,1 R2-R2;1
999 _c1234168
_d1234168